|
|
|
|
| LEADER |
00920cam a2200241 7i4500 |
| 001 |
0000018786 |
| 005 |
20170619090000.0 |
| 008 |
170619s2001 nyu eng |
| 020 |
# |
0 |
|a 0471326909 (pbk. : alk. paper)
|
| 090 |
0 |
0 |
|a RJ 486.6
|b .K4 2001
|
| 100 |
1 |
# |
|a Kemp, Sally
|
| 245 |
1 |
0 |
|a Essentials of NEPSY assessment
|c Sally Kemp, Marit Korkman, and Ursula Kirk.
|
| 260 |
# |
# |
|a New York:
|b John Wiley &Sons,Inc,
|c 2001.
|
| 300 |
# |
# |
|a 319 p.:
|b ill.;
|c 22 cm..
|
| 504 |
0 |
0 |
|a Includes bibliographical references
|
| 650 |
0 |
0 |
|a Neuropsychological tests for children
|
| 650 |
0 |
0 |
|a Brain --
|x damaged children --
|x Psychological testing
|
| 650 |
0 |
0 |
|a Developmental disabilitiies --
|x Diagnosis
|
| 650 |
0 |
0 |
|a Developmentally disabled children --
|x Psychological testing
|
| 650 |
0 |
0 |
|a NEPSY (Neuropsychology)
|
| 700 |
1 |
1 |
|a Krk, Ursala
|
| 700 |
1 |
1 |
|a Korkman, Marit
|
| 999 |
|
|
|a 1100004550
|b Book
|c Open Shelf
|e KOLEKSI TERBUKA
|